00359nam a2200133Ia 4500008004100000041000800041082001500049100002400064245004400088250000800132260005300140300001100193999002100204231228s2011 xx 000 0 und d aeng a005.1bTHA aTHAYER (Richard H.) aSoftware Engineering Project Management a2nd aNew DelhibWiley India Pvt. Ltd. New Delhic2011 av, 531 c1063536d1063536